Statistics for Guess the names of large numbers

Click here to take the quiz!

General Stats

  • This quiz has been taken 82 times
    (74 since last reset)
  • The average score is 23 of 48

Answer Stats

Exponential NotationAnswer% Correct
1e9Billion
98%
1e3Thousand
98%
1e6Million
95%
1e21Sextillion
95%
1e12Trillion
95%
1e15Quadrillion
93%
1e18Quintillion
93%
1e24Septillion
93%
1e30Nonillion
90%
1e33Decillion
88%
1e36Undecillion
85%
1e27Octillion
83%
1e39Duodecillion
78%
1e42Tredecillion
73%
1e48Quindecillion
58%
1e51Sexdecillion
58%
1e63Vigintillion
58%
1e57Octodecillion
53%
1e303Centillion
48%
1e60Novemdecillion
43%
1e54Septendecillion
40%
1e3003Millillion
38%
1e93Trigintillion
38%
1e603Ducentillion
33%
1e123Quadragintillion
33%
1e45Quattordecillion
33%
1e273Nonagintillion
30%
1e243Octogintillion
30%
1e153Quinquagintillion
30%
1e183Sexagintillion
30%
1e903Trecentillion
30%
1e6003Dumillillion
28%
1e213Septuagintillion
25%
1e2703Nongentillion
23%
1e1503Quingentillion
23%
1e9003Tremillillion
23%
1e2403Octingentillion
20%
1e2103Septingentillion
20%
1e1803Sescentillion
20%
1e3000003Micrillion
18%
1e30003Myrillion
18%
1e27003Novemmillillion
18%
1e24003Octomillillion
18%
1e1203Quadringentillion
18%
1e12003Quattormillillion
18%
1e15003Quinmillillion
18%
1e21003Septenmillillion
18%
1e18003Sexmillillion
18%

Score Distribution

Percentile by Number Answered

Percent of People with Each Score

Your Score History

You have not taken this quiz since the last reset